MULTINATIONAL FINANCIAL MANAGEMENT. (Record no. 4176)
[ view plain ]
| 000 -LEADER | |
|---|---|
| fixed length control field | 00327nam a22001217a 4500 |
| 008 - FIXED-LENGTH DATA ELEMENTS--GENERAL INFORMATION | |
| fixed length control field | 160512b xxu||||| |||| 00| 0 eng d |
| 020 ## - INTERNATIONAL STANDARD BOOK NUMBER | |
| International Standard Book Number | 812030960 |
| 082 ## - | |
| Classification number | 658.159 SHA |
| 100 ## - MAIN ENTRY--PERSONAL NAME | |
| Personal name | SHAPIRO ALAN C. |
| 245 ## - TITLE STATEMENT | |
| Title | MULTINATIONAL FINANCIAL MANAGEMENT. |
| 250 ## - EDITION STATEMENT | |
| Edition statement | 4 TH ED |
| 260 ## - PUBLICATION, DISTRIBUTION, ETC. (IMPRINT) | |
| Place of publication, distribution, etc. | NEW DELHI; |
| Name of publisher, distributor, etc. | PRENTICE HALL OF INDIA, |
| Date of publication, distribution, etc. | 2002. |
| Withdrawn status | Lost status | Source of classification or shelving scheme | Damaged status | Koha normalized classification for sorting | Not for loan | Home library | Current library | Date acquired | Total Checkouts | Full call number | Barcode | Date last seen | Price effective from |
|---|---|---|---|---|---|---|---|---|---|---|---|---|---|
| Dewey Decimal Classification | 658_159000000000000_SHA | Mwanza | Mwanza | 17/03/2017 | 658.159 SHA | 10000000828 | 17/03/2017 | 17/03/2017 |
